书目信息 |
| 题名: |
实用分析化学
|
|
| 作者: | 古风才 , 赵桂英 , 肖新亮 编著 | |
| 分册: | ||
| 出版信息: | 天津 天津大学出版社 2000.12 |
|
| 页数: | 335页 | |
| 开本: | 26cm | |
| 丛书名: | ||
| 单 册: | ||
| 中图分类: | O65 | |
| 科图分类: | ||
| 主题词: | 分析化学 | |
| 电子资源: | ||
| ISBN: | 7-5618-1377-5 | |
| 000 | 00922nam0 2200265 450 | |
| 001 | 0120027973 | |
| 005 | 20050820100834.37 | |
| 010 | @a7-5618-1377-5@dCNY25.00 | |
| 100 | @a20010517d2000 em y0chiy0110 ea | |
| 101 | 0 | @achi |
| 102 | @aCN@b120000 | |
| 105 | @aa a 000yy | |
| 200 | 1 | @a实用分析化学@AShi Yong Fen Xi Hua Xue@f肖新亮, 古风才, 赵桂英编著@Fxiao xin liang,gu feng cai,zhao gui ying bian zhu |
| 205 | @a修订版 | |
| 210 | @a天津@c天津大学出版社@d2000.12 | |
| 215 | @a335页@c图@d26cm | |
| 320 | @a有书目 (第318页)。 | |
| 330 | @a本书包括:定量分析中的误差和数据分析、滴定分析法、定量分析中的分离方法、电化学分析法导论、电位分析法、光学分析法导论、原子发射光谱法等内容。 | |
| 606 | 0 | @a分析化学 |
| 690 | @aO65@v4 | |
| 701 | 0 | @a古风才@Agu feng cai@4编著 |
| 701 | 0 | @a赵桂英@Azhao gui ying@4编著 |
| 701 | 0 | @a肖新亮@Axiao xin liang@4编著 |
| 801 | 0 | @aCN@bQSSK@c20050820 |
| 905 | @a10447@dO65@eG443 | |
| 实用分析化学/肖新亮, 古风才, 赵桂英编著.-修订版.-天津:天津大学出版社,2000.12 |
| 335页:图;26cm |
| ISBN 7-5618-1377-5:CNY25.00 |
| 本书包括:定量分析中的误差和数据分析、滴定分析法、定量分析中的分离方法、电化学分析法导论、电位分析法、光学分析法导论、原子发射光谱法等内容。 |
| ● |
| 相关链接 |
|
|
|
正题名:实用分析化学
索取号:O65/G443
 
预约/预借
| 序号 | 登录号 | 条形码 | 馆藏地/架位号 | 状态 | 备注 |
| 1 | 562380 | 205623805 | 自科库401/401自科库 65排1列3层/ [索取号:O65/G443] | 在馆 | |
| 2 | 562381 | 205623814 | 自科库401/401自科库 65排1列3层/ [索取号:O65/G443] | 在馆 | |
| 3 | 562382 | 205623823 | 自科库401/401自科库 65排1列3层/ [索取号:O65/G443] | 在馆 |